[Event "IECG TE.2006.P.02305 email"]
[Site "IECG email"]
[Date "2006.12.20"]
[Round "?"]
[White "Bertel, Michael"]
[Black "Pripoae, Nicolae"]
[Result "1-0"]
[WhiteElo "1816"]
[BlackElo "2231"]
[PlyCount "23"]
[EventDate "2006.12.20"]
[EventType "tourn (corr)"]
[EventRounds "12"]
[SourceTitle "Corr 2024"]
[Source "ChessBase"]
[SourceDate "2023.10.19"]
[SourceVersion "1"]
[SourceVersionDate "2023.10.19"]
[SourceQuality "1"]

1. e4 c5 2. c3 Nf6 3. e5 Nd5 4. d4 cxd4 5. cxd4 d6 6. Nf3 Nc6 7. Nc3 dxe5 8. Nxe5 Nxc3 9. Nxc6 Nxd1 10. Nxd8 Kxd8 11. Kxd1 Be6 12. Bd3 1-0

[Event "IECG TE.2006.P.02306 email"]
[Site "IECG email"]
[Date "2006.12.20"]
[Round "?"]
[White "Pripoae, Nicolae"]
[Black "Sherwood, Russell"]
[Result "0-1"]
[WhiteElo "2231"]
[BlackElo "1829"]
[PlyCount "26"]
[EventDate "2006.12.20"]
[EventType "tourn (corr)"]
[EventRounds "12"]
[SourceTitle "Corr 2024"]
[Source "ChessBase"]
[SourceDate "2023.10.19"]
[SourceVersion "1"]
[SourceVersionDate "2023.10.19"]
[SourceQuality "1"]

1. e4 c5 2. c3 d5 3. exd5 Qxd5 4. d4 Nf6 5. Nf3 e6 6. Be2 cxd4 7. cxd4 Nc6 8. 0-0 Be7 9. Nc3 Qd6 10. Nb5 Qd8 11. Bf4 Nd5 12. Bg3 a6 13. Nc3 Nf6 0-1

[Event "IECG TE.2006.P.02306 email"]
[Site "IECG email"]
[Date "2006.12.20"]
[Round "?"]
[White "Trevis, Robert"]
[Black "Pripoae, Nicolae"]
[Result "1-0"]
[WhiteElo "1050"]
[BlackElo "2231"]
[PlyCount "25"]
[EventDate "2006.12.20"]
[EventType "tourn (corr)"]
[EventRounds "12"]
[SourceTitle "Corr 2024"]
[Source "ChessBase"]
[SourceDate "2023.10.19"]
[SourceVersion "1"]
[SourceVersionDate "2023.10.19"]
[SourceQuality "1"]

1. e4 c5 2. c3 Nf6 3. e5 Nd5 4. c4 Nb6 5. d4 cxd4 6. c5 Nd5 7. Qxd4 e6 8. Nf3 Nc6 9. Qg4 h5 10. Qg3 h4 11. Qg4 Qc7 12. Nbd2 Nxe5 13. Nxe5 1-0

[Event "IECG TE.2006.P.02110 email"]
[Site "IECG email"]
[Date "2006.03.17"]
[Round "?"]
[White "Pripoae, Nicolae"]
[Black "Hupert, Leo"]
[Result "1-0"]
[WhiteElo "2234"]
[BlackElo "1500"]
[PlyCount "49"]
[EventDate "2006.03.17"]
[EventType "tourn (corr)"]
[EventRounds "12"]
[SourceTitle "Corr 2024"]
[Source "ChessBase"]
[SourceDate "2023.10.19"]
[SourceVersion "1"]
[SourceVersionDate "2023.10.19"]
[SourceQuality "1"]

1. e4 c5 2. f4 Nf6 3. d3 d6 4. Nf3 e6 5. Be2 h5 6. 0-0 Qb6 7. e5 Ng4 8. exd6 Bxd6 9. Na3 Be7 10. Nc4 Qc7 11. Ng5 Bxg5 12. h3 e5 13. fxg5 e4 14. hxg4 hxg4 15. Bf4 Qd7 16. Nd6+ Ke7 17. dxe4 Nc6 18. Be3 Qxd6 19. Rxf7+ Kxf7 20. Qxd6 Be6 21. Rf1+ Ke8 22. Qxe6+ Kd8 23. Rf7 Ne7 24. Qxe7+ Kc8 25. Qc7# 1-0

[Event "IECG TE.2006.P.02110 email"]
[Site "IECG email"]
[Date "2006.03.17"]
[Round "?"]
[White "Wurm, Tamas"]
[Black "Pripoae, Nicolae"]
[Result "0-1"]
[WhiteElo "1059"]
[BlackElo "2234"]
[PlyCount "52"]
[EventDate "2006.03.17"]
[EventType "tourn (corr)"]
[EventRounds "12"]
[SourceTitle "Corr 2024"]
[Source "ChessBase"]
[SourceDate "2023.10.19"]
[SourceVersion "1"]
[SourceVersionDate "2023.10.19"]
[SourceQuality "1"]

1. e4 c5 2. f4 e6 3. Nf3 d5 4. exd5 exd5 5. Bb5+ Bd7 6. Bxd7+ Nxd7 7. 0-0 Bd6 8. d3 Ne7 9. Nc3 0-0 10. Nb5 Qb6 11. Nxd6 Qxd6 12. Bd2 Rae8 13. Qe1 Nf5 14. Qf2 Nf6 15. h3 d4 16. Rae1 Nd5 17. Re4 Nfe3 18. Bxe3 dxe3 19. Qh4 Rxe4 20. dxe4 Nb4 21. c3 Nd3 22. Rb1 e2 23. e5 Qg6 24. Ne1 Nxf4 25. Qxf4 Qxb1 26. Qd2 Qd1 0-1

[Event "IECG TE.2005.S.01902 email"]
[Site "IECG email"]
[Date "2006.??.??"]
[Round "?"]
[White "Pripoae, Nicolae"]
[Black "Stibal, George"]
[Result "0-1"]
[WhiteElo "2239"]
[BlackElo "1897"]
[PlyCount "76"]
[EventDate "2006.08.19"]
[EventType "tourn (corr)"]
[EventRounds "12"]
[SourceTitle "Corr 2024"]
[Source "ChessBase"]
[SourceDate "2023.10.19"]
[SourceVersion "1"]
[SourceVersionDate "2023.10.19"]
[SourceQuality "1"]

1. d4 d5 2. e4 dxe4 3. Nc3 Nf6 4. f3 exf3 5. Nxf3 Bf5 6. Bc4 c6 7. 0-0 e6 8. Ne5 Bg6 9. Bf4 Nbd7 10. Nxg6 hxg6 11. Qd3 Nb6 12. h3 Bd6 13. Bg5 Nxc4 14. Qxc4 Be7 15. Rae1 Rh5 16. Bf4 Qb6 17. Be5 Rd8 18. Na4 Qb4 19. Qxb4 Bxb4 20. c3 Bf8 21. b3 Rf5 22. Rxf5 gxf5 23. Bxf6 gxf6 24. b4 a5 25. bxa5 Ra8 26. Nb2 Rxa5 27. a4 Ba3 28. Re2 Kd8 29. h4 Kc7 30. g3 Bxb2 31. Rxb2 Rxa4 32. h5 Ra8 33. h6 b5 34. Rh2 Kd6 35. Kf2 Ke7 36. h7 Rh8 37. Ke3 Kf8 38. Ra2 Rxh7 0-1

[Event "CFriend AC-2005-Q-00009 email"]
[Site "Chessfriend.com"]
[Date "2005.07.22"]
[Round "1"]
[White "Petrov, Milen"]
[Black "Pripoae, Nicolae"]
[Result "1/2-1/2"]
[WhiteElo "2229"]
[BlackElo "2269"]
[PlyCount "77"]
[EventDate "2005.??.??"]
[EventType "tourn (corr)"]
[EventRounds "6"]
[SourceTitle "Corr 2024"]
[Source "ChessBase"]
[SourceDate "2023.10.19"]
[SourceVersion "1"]
[SourceVersionDate "2023.10.19"]
[SourceQuality "1"]

1. e4 e5 2. Nf3 Nc6 3. Nc3 Nf6 4. d4 exd4 5. Nxd4 Bb4 6. Nxc6 bxc6 7. Bd3 d5 8. exd5 cxd5 9. 0-0 0-0 10. Bg5 c6 11. Na4 h6 12. Bh4 Re8 13. c4 Bd6 14. cxd5 cxd5 15. Nc3 Be5 16. Bb5 Re6 17. Bxf6 Bxf6 18. Qxd5 Qxd5 19. Nxd5 Bxb2 20. Rab1 Be5 21. Rfc1 Ba6 22. Bxa6 Rxa6 23. Re1 Bd6 24. Re2 Rd8 25. Rd1 Kf8 26. Red2 Bc5 27. g4 Rad6 28. Kg2 g6 29. h4 Kg7 30. Kg3 f6 31. f4 f5 32. gxf5 gxf5 33. h5 Kf7 34. Rd3 R8d7 35. Kf3 a5 36. a4 Rd8 37. R1d2 Kf8 38. Kg3 Ba7 39. Kf3 1/2-1/2

[Event "CFriend AC-2005-Q-00009 email"]
[Site "Chessfriend.com"]
[Date "2005.07.22"]
[Round "1"]
[White "Pripoae, Nicolae"]
[Black "Noble, Mark"]
[Result "0-1"]
[WhiteElo "2269"]
[BlackElo "2167"]
[PlyCount "132"]
[EventDate "2005.??.??"]
[EventType "tourn (corr)"]
[EventRounds "6"]
[SourceTitle "Corr 2024"]
[Source "ChessBase"]
[SourceDate "2023.10.19"]
[SourceVersion "1"]
[SourceVersionDate "2023.10.19"]
[SourceQuality "1"]

1. d4 Nf6 2. c4 e6 3. Nf3 b6 4. g3 Bb7 5. Bg2 Be7 6. Nc3 Ne4 7. Bd2 0-0 8. d5 Nxd2 9. Nxd2 c6 10. 0-0 Na6 11. Nb3 Qc7 12. Qd2 Rac8 13. Rac1 Qb8 14. Rcd1 cxd5 15. cxd5 Bb4 16. e4 Nc5 17. Nxc5 Rxc5 18. Rfe1 Bxc3 19. bxc3 e5 20. Bh3 d6 21. f4 Re8 22. Re3 Qc7 23. Rf1 Ba6 24. Rf2 Bc8 25. Bxc8 Qxc8 26. f5 f6 27. g4 Re7 28. Rff3 Rec7 29. h4 b5 30. Qb2 a5 31. a3 Rb7 32. g5 Kh8 33. Kf1 Rc4 34. Kg1 b4 35. cxb4 axb4 36. Re2 fxg5 37. hxg5 g6 38. axb4 Rbxb4 39. Qa3 gxf5 40. Rxf5 Rc1+ 41. Kg2 Rxe4 42. Ref2 Rg4+ 43. Kh2 Rc2 44. Qf3 Rxf2+ 45. Qxf2 Kg8 46. Qf3 Rh4+ 47. Kg3 e4 48. Qf1 Rh1 49. Qxh1 Qxf5 50. Qh5 Qe5+ 51. Kf2 Qxd5 52. Qe8+ Kg7 53. Ke2 Qd3+ 54. Ke1 d5 55. Qe5+ Kg6 56. Qf6+ Kh5 57. Qh6+ Kg4 58. Qe6+ Kg3 59. g6 Qe3+ 60. Kd1 Qf3+ 61. Kc1 hxg6 62. Qxg6+ Kf2 63. Qd6 d4 64. Qh2+ Kf1 65. Qd6 Qc3+ 66. Kb1 e3 0-1

[Event "IECG TE.2005.P.01911"]
[Site "IECG email"]
[Date "2005.06.19"]
[Round "?"]
[White "Pripoae, Nicolae"]
[Black "Coates, Stephen"]
[Result "1-0"]
[WhiteElo "2290"]
[BlackElo "1661"]
[PlyCount "43"]
[EventDate "2005.06.19"]
[EventType "tourn (corr)"]
[EventRounds "8"]
[SourceTitle "Corr 2008"]
[Source "ChessBase"]
[SourceDate "2008.06.24"]
[SourceVersion "1"]
[SourceVersionDate "2008.06.24"]
[SourceQuality "1"]

1. d4 d5 2. e4 dxe4 3. Nc3 Nf6 4. f3 c6 5. fxe4 e5 6. dxe5 Qxd1+ 7. Nxd1 Nxe4 8. Nf3 Be7 9. Bd3 Nc5 10. Be2 Bg4 11. Ne3 Bxf3 12. gxf3 Bh4+ 13. Kf1 g6 14. Nc4 Nbd7 15. Be3 Ne6 16. Nd6+ Ke7 17. Nxb7 a5 18. Bd2 Rhb8 19. Nxa5 Rxb2 20. Nxc6+ Ke8 21. Rd1 Rbxa2 22. Rg1 1-0

[Event "IECG TE.2005.P.01911"]
[Site "IECG email"]
[Date "2005.06.19"]
[Round "?"]
[White "Pripoae, Nicolae"]
[Black "Stibal, George"]
[Result "1/2-1/2"]
[WhiteElo "2290"]
[BlackElo "1885"]
[PlyCount "86"]
[EventDate "2005.06.19"]
[EventType "tourn (corr)"]
[EventRounds "8"]
[SourceTitle "Corr 2008"]
[Source "ChessBase"]
[SourceDate "2008.06.24"]
[SourceVersion "1"]
[SourceVersionDate "2008.06.24"]
[SourceQuality "1"]

1. d4 d5 2. e4 dxe4 3. Nc3 Nf6 4. f3 exf3 5. Nxf3 Bg4 6. h3 Bh5 7. g4 Bg6 8. Ne5 e6 9. Bg2 c6 10. 0-0 Bb4 11. Nxg6 hxg6 12. g5 Nh7 13. Ne4 Be7 14. Qf3 f5 15. gxf6 gxf6 16. Qb3 Qd7 17. Qg3 g5 18. h4 Rg8 19. Be3 f5 20. Nxg5 Na6 21. c4 Nc7 22. Rad1 Nxg5 23. hxg5 Bd6 24. Qh3 0-0-0 25. d5 Qe7 26. dxc6 b6 27. Qf3 Rdf8 28. Rd3 f4 29. Bf2 Bc5 30. Rfd1 Qxg5 31. Kf1 Be3 32. b4 Rf6 33. Rd7 b5 34. Rh7 bxc4 35. Rdd7 Nd5 36. Qxd5 exd5 37. Bh3 Rf5 38. Rxd5 Rgf8 39. Rxf5 Qxf5 40. Bxe3 Qxh3+ 41. Rxh3 fxe3+ 42. Ke2 Kc7 43. Rh5 Kxc6 1/2-1/2

[Event "IECG TE.2005.P.01911"]
[Site "IECG email"]
[Date "2005.06.19"]
[Round "?"]
[White "Romero, Agustin"]
[Black "Pripoae, Nicolae"]
[Result "0-1"]
[WhiteElo "800"]
[BlackElo "2290"]
[PlyCount "67"]
[EventDate "2005.06.19"]
[EventType "tourn (corr)"]
[EventRounds "8"]
[SourceTitle "Corr 2008"]
[Source "ChessBase"]
[SourceDate "2008.06.24"]
[SourceVersion "1"]
[SourceVersionDate "2008.06.24"]
[SourceQuality "1"]

1. d4 d5 2. e4 dxe4 3. Nc3 e5 4. dxe5 Qxd1+ 5. Nxd1 Nc6 6. Nc3 Bb4 7. Bb5 Bxc3+ 8. bxc3 Nge7 9. Bg5 a6 10. Bxe7 axb5 11. Bb4 Nxe5 12. Ne2 b6 13. c4 c5 14. Bxc5 bxc5 15. cxb5 Ra3 16. 0-0 Be6 17. Ng3 f5 18. Rfe1 Kf7 19. Re3 Nc4 20. Rxa3 Nxa3 21. Ne2 Nxb5 22. a4 Nd4 23. Nxd4 cxd4 24. Kf1 Rc8 25. Rd1 Rc4 26. a5 Bc8 27. g3 Ke6 28. Rd2 Kd5 29. Ke2 f4 30. gxf4 Bf5 31. a6 Bg4+ 32. Kf1 Bf3 33. a7 Ra4 34. c3 0-1

[Event "CFriend AP-2005-Q-00005 email"]
[Site "Chessfriend.com"]
[Date "2005.02.20"]
[Round "1"]
[White "De Leon, Javier"]
[Black "Pripoae, Nicolae"]
[Result "0-1"]
[WhiteElo "2036"]
[BlackElo "2269"]
[PlyCount "68"]
[EventDate "2005.??.??"]
[EventType "tourn (corr)"]
[EventRounds "12"]
[SourceTitle "Corr 2024"]
[Source "ChessBase"]
[SourceDate "2023.10.19"]
[SourceVersion "1"]
[SourceVersionDate "2023.10.19"]
[SourceQuality "1"]

1. Nf3 Nf6 2. c4 b6 3. g3 Bb7 4. Bg2 e6 5. 0-0 Be7 6. Nc3 0-0 7. Re1 d5 8. cxd5 exd5 9. d4 Na6 10. Bf4 c5 11. dxc5 bxc5 12. Ne5 Nc7 13. Nc4 dxc4 14. Bxb7 Rb8 15. Qxd8 Bxd8 16. Bf3 Rxb2 17. Red1 Ne6 18. Bd6 Ba5 19. Na4 Rd2 20. Bxf8 Kxf8 21. Rxd2 Bxd2 22. e3 c3 23. Bd1 Nd5 24. a3 Ke7 25. Rb1 Kd6 26. Rb7 f5 27. Rxa7 Nec7 28. Bc2 g6 29. Kf1 Bxe3 30. fxe3 Nxe3+ 31. Ke2 Nxc2 32. Nxc3 Kc6 33. Kd3 Nd4 34. Ra4 g5 0-1

[Event "CFriend AP-2005-Q-00005 email"]
[Site "Chessfriend.com"]
[Date "2005.02.20"]
[Round "1"]
[White "Pripoae, Nicolae"]
[Black "Gazizov, Marsel"]
[Result "1-0"]
[WhiteElo "2269"]
[BlackElo "1727"]
[PlyCount "21"]
[EventDate "2005.??.??"]
[EventType "tourn (corr)"]
[EventRounds "12"]
[SourceTitle "Corr 2024"]
[Source "ChessBase"]
[SourceDate "2023.10.19"]
[SourceVersion "1"]
[SourceVersionDate "2023.10.19"]
[SourceQuality "1"]

1. Nf3 Nf6 2. c4 c5 3. Nc3 Nc6 4. g3 g6 5. Bg2 Bg7 6. d4 cxd4 7. Nxd4 0-0 8. 0-0 Nxd4 9. Qxd4 d6 10. Qd3 a6 11. Bd2 1-0

[Event "CFriend AP-2005-Q-00005 email"]
[Site "Chessfriend.com"]
[Date "2005.02.20"]
[Round "1"]
[White "Pripoae, Nicolae"]
[Black "Kurpnieks, Vairis"]
[Result "1-0"]
[WhiteElo "2269"]
[BlackElo "2075"]
[PlyCount "105"]
[EventDate "2005.??.??"]
[EventType "tourn (corr)"]
[EventRounds "12"]
[SourceTitle "Corr 2024"]
[Source "ChessBase"]
[SourceDate "2023.10.19"]
[SourceVersion "1"]
[SourceVersionDate "2023.10.19"]
[SourceQuality "1"]

1. Nf3 c5 2. c4 Nc6 3. Nc3 Nf6 4. g3 g6 5. Bg2 d6 6. d4 cxd4 7. Nxd4 Bd7 8. e4 Bg7 9. Nxc6 bxc6 10. c5 Qb8 11. 0-0 0-0 12. cxd6 exd6 13. Bf4 Qxb2 14. Na4 Qb5 15. Rb1 Qa5 16. Bxd6 Rfd8 17. Be7 Re8 18. Bb4 Qc7 19. Qc2 Rad8 20. Nc5 Bc8 21. Rfc1 Ng4 22. Nb3 Be6 23. h3 Ne5 24. Nc5 Bc8 25. f4 Nd7 26. Kh2 Nb6 27. a4 h6 28. a5 Nd7 29. e5 Nxe5 30. fxe5 Bxe5 31. Be1 Bf5 32. Be4 Bxe4 33. Nxe4 Bd4 34. Bb4 Re6 35. Rd1 c5 36. Rbc1 Rd5 37. Bxc5 Rxe4 38. Qxe4 Rxc5 39. Rxc5 Bxc5 40. Rd5 Kg7 41. Qe5+ Qxe5 42. Rxe5 Bd4 43. Rd5 Be3 44. g4 Kf6 45. Kg3 Ke6 46. Rd1 Bc5 47. Kf3 Bb4 48. a6 Bc5 49. h4 Ke7 50. Rd5 Bg1 51. h5 Ke6 52. Rd1 Bc5 53. g5 1-0

[Event "CFriend AP-2005-Q-00005 email"]
[Site "Chessfriend.com"]
[Date "2005.02.20"]
[Round "1"]
[White "Pripoae, Nicolae"]
[Black "Malmstrom, Jan"]
[Result "1-0"]
[WhiteElo "2269"]
[BlackElo "1915"]
[PlyCount "79"]
[EventDate "2005.??.??"]
[EventType "tourn (corr)"]
[EventRounds "12"]
[SourceTitle "Corr 2024"]
[Source "ChessBase"]
[SourceDate "2023.10.19"]
[SourceVersion "1"]
[SourceVersionDate "2023.10.19"]
[SourceQuality "1"]

1. Nf3 d5 2. d4 Nf6 3. c4 e6 4. Nc3 Be7 5. Bg5 Nbd7 6. e3 h6 7. Bh4 0-0 8. Rc1 Re8 9. Qc2 c6 10. Bd3 b6 11. cxd5 exd5 12. 0-0 Bb7 13. Bg3 Nh5 14. Be5 Nhf6 15. Ne2 c5 16. Rfd1 a6 17. Bf5 Rc8 18. Qb1 Rc6 19. Bf4 Bf8 20. Nc3 Bd6 21. Bxd7 Qxd7 22. Ne5 Bxe5 23. dxe5 Nh5 24. Nxd5 Qe6 25. Rd2 Rcc8 26. Rcd1 Kh8 27. h3 Nxf4 28. exf4 b5 29. Ne3 Bc6 30. Rd6 Qe7 31. Qf5 g6 32. Qc2 c4 33. Nf5 Qf8 34. Nh4 Qg7 35. Nxg6+ Kg8 36. Qf5 Bb7 37. Nh4 Rf8 38. e6 Rce8 39. exf7+ Rxf7 40. Qh5 1-0

[Event "CFriend AP-2005-Q-00005 email"]
[Site "Chessfriend.com"]
[Date "2005.02.20"]
[Round "1"]
[White "Pripoae, Nicolae"]
[Black "Oltean, Dorel"]
[Result "0-1"]
[WhiteElo "2269"]
[BlackElo "2364"]
[PlyCount "106"]
[EventDate "2005.??.??"]
[EventType "tourn (corr)"]
[EventRounds "12"]
[SourceTitle "Corr 2024"]
[Source "ChessBase"]
[SourceDate "2023.10.19"]
[SourceVersion "1"]
[SourceVersionDate "2023.10.19"]
[SourceQuality "1"]

1. Nf3 c5 2. c4 Nf6 3. Nc3 e6 4. g3 b6 5. Bg2 Bb7 6. 0-0 Be7 7. b3 0-0 8. Bb2 d6 9. d4 cxd4 10. Qxd4 Nbd7 11. e4 a6 12. Nd2 Qc7 13. Rac1 Rac8 14. h3 Qb8 15. Qe3 Rfe8 16. Ne2 Qa8 17. Nd4 Bf8 18. Rfe1 g6 19. g4 Bg7 20. g5 Nh5 21. Bc3 e5 22. Ne2 Nc5 23. b4 Ne6 24. Bf3 Nhf4 25. Bg4 Nxe2+ 26. Bxe2 Nf4 27. Bg4 Rb8 28. a4 Bc8 29. Kh2 Bxg4 30. hxg4 Qb7 31. Rg1 Rec8 32. Bb2 Qe7 33. Nf3 Qe6 34. Nd2 Bf8 35. Rg3 Rb7 36. Rgg1 Be7 37. b5 axb5 38. axb5 Bxg5 39. Bc3 f6 40. Qf3 h5 41. gxh5 Rh7 42. Rg3 Rxh5+ 43. Kg1 Rc7 44. Ra1 Qc8 45. c5 dxc5 46. Nc4 Rch7 47. Nxb6 Qb7 48. Nd5 Qxb5 49. Re1 Qb3 50. Ra1 Ne2+ 51. Qxe2 Rh1+ 52. Kg2 R7h2+ 53. Kf3 Rxa1 0-1